[Event "Online Olym Div2 C"]
[Site "Chess.com INT"]
[Date "2020.08.16"]
[Round "7.4"]
[White "Pintor, Ariana Maciel Abran"]
[Black "Sedina, Elena"]
[Result "0-1"]
[WhiteElo "1903"]
[BlackElo "2299"]
[PlyCount "68"]
[EventDate "2020.08.14"]
[EventType "team-tourn (rapid)"]
[EventRounds "9"]
[EventCountry "USA"]
[SourceTitle "CBM 198"]
[Source "ChessBase"]
[SourceDate "2020.10.31"]
[SourceVersion "1"]
[SourceVersionDate "2020.10.31"]
[SourceQuality "1"]
[WhiteTeam "Portugal"]
[BlackTeam "Italy"]
[WhiteTeamCountry "POR"]
[BlackTeamCountry "ITA"]

1. e4 e6 2. d4 d5 3. exd5 exd5 4. Bd3 Nc6 5. c3 Bd6 6. Nf3 Nge7 7. Qc2 Bg4 8. Nbd2 Qd7 9. 0-0 0-0-0 10. Re1 f6 11. b4 Kb8 12. h3 Bf5 13. Nb3 Bxd3 14. Qxd3 Qf5 15. Qb5 g5 16. Nc5 b6 17. a4 g4 18. hxg4 Qxg4 19. Re3 Rdg8 20. Na6+ Kc8 21. Qf1 Nf5 22. Rd3 h5 23. a5 h4 24. axb6 cxb6 25. b5 Na5 26. Ba3 h3 27. Bxd6 hxg2 28. Bh2 gxf1Q+ 29. Kxf1 Rxh2 30. Nxh2 Qg2+ 31. Ke2 Qxh2 32. Rf3 Re8+ 33. Kd3 Qh7 34. Kd2 Nb3+ 0-1

[Event "Online Olym Div3 B"]
[Site "Chess.com INT"]
[Date "2020.08.07"]
[Round "3.2"]
[White "Pires, Luzia"]
[Black "Pintor, Ariana Maciel Abran"]
[Result "1/2-1/2"]
[WhiteElo "1752"]
[BlackElo "1903"]
[PlyCount "87"]
[EventDate "2020.08.07"]
[EventType "team-tourn (rapid)"]
[EventRounds "9"]
[EventCountry "USA"]
[SourceTitle "CBM 198"]
[Source "ChessBase"]
[SourceDate "2020.10.31"]
[SourceVersion "1"]
[SourceVersionDate "2020.10.31"]
[SourceQuality "1"]
[WhiteTeam "Angola"]
[BlackTeam "Portugal"]
[WhiteTeamCountry "ANG"]
[BlackTeamCountry "POR"]

1. e4 c6 2. d4 d5 3. exd5 cxd5 4. h3 Nc6 5. Nf3 Nf6 6. c3 Bf5 7. Bd3 Bxd3 8. Qxd3 e6 9. 0-0 Be7 10. Be3 0-0 11. Nbd2 a6 12. Rfe1 b5 13. Rac1 b4 14. c4 dxc4 15. Nxc4 Nd5 16. Red1 Bf6 17. Nce5 Nce7 18. Bg5 g6 19. Bxf6 Nxf6 20. Ng5 Qa5 21. a3 bxa3 22. bxa3 Nfd5 23. Rc5 Qa4 24. Ng4 Nf5 25. Rc4 Qb5 26. Ne4 Rfc8 27. Rdc1 Rxc4 28. Qxc4 Qxc4 29. Rxc4 Rb8 30. Nef6+ Nxf6 31. Nxf6+ Kg7 32. Nd7 Rb1+ 33. Kh2 Rd1 34. Nc5 Rd2 35. Kg1 Nxd4 36. Nxa6 Nb3 37. a4 Rd6 38. Nc7 Rd1+ 39. Kh2 Nd2 40. Rc6 Nf1+ 41. Kg1 Nd2+ 42. Kh2 Nf1+ 43. Kg1 Nd2+ 44. Kh2 1/2-1/2

[Event "EU-ch (Women) 20th"]
[Site "Antalya"]
[Date "2019.04.21"]
[Round "10"]
[White "Pintor, Ariana Maciel Abran"]
[Black "Tanir, Simay"]
[Result "1/2-1/2"]
[WhiteElo "1918"]
[BlackElo "1361"]
[PlyCount "122"]
[EventDate "2019.04.11"]
[EventType "swiss"]
[EventRounds "11"]
[EventCountry "TUR"]
[SourceTitle "CBM 190"]
[Source "ChessBase"]
[SourceDate "2019.06.30"]
[SourceVersion "1"]
[SourceVersionDate "2019.06.30"]
[SourceQuality "1"]

1. e4 e6 2. Qe2 c5 3. g3 g6 4. Bg2 Bg7 5. f4 Ne7 6. Nf3 d6 7. c3 Nbc6 8. 0-0 0-0 9. Na3 a6 10. Nc2 e5 11. d3 f5 12. Be3 Be6 13. fxe5 fxe4 14. Ng5 exd3 15. Qxd3 Nxe5 16. Qe4 Bf5 17. Rxf5 gxf5 18. Qh4 h6 19. Ne6 N7g6 20. Qh5 Qf6 21. Nxf8 Rxf8 22. Bxh6 Bxh6 23. Qxh6 Ne7 24. Qd2 Nc4 25. Qf4 Nxb2 26. Re1 d5 27. Qc7 Rf7 28. Qxb7 Na4 29. Bxd5 Nxd5 30. Qxd5 Kg7 31. c4 Nc3 32. Qxc5 Ne4 33. Qd5 Ng5 34. Qd3 f4 35. Rf1 f3 36. Qd4 Qxd4+ 37. Nxd4 Nh3+ 38. Kh1 Ng5 39. h4 Ne4 40. Rxf3 Rxf3 41. Nxf3 Nxg3+ 42. Kg2 Ne4 43. Nd4 Kf6 44. Nb3 Ke5 45. Kf3 Nf6 46. Ke3 Nd7 47. c5 Kd5 48. h5 Nf6 49. h6 Ng4+ 50. Kd3 Nxh6 51. Kc3 a5 52. a4 Nf7 53. Nxa5 Kxc5 54. Nb3+ Kb6 55. Kb4 Nd8 56. a5+ Ka7 57. Kb5 Nb7 58. a6 Nd6+ 59. Ka5 Nc4+ 60. Kb5 Nd6+ 61. Ka5 Nc4+ 1/2-1/2

[Event "EU-ch (Women) 20th"]
[Site "Antalya"]
[Date "2019.04.16"]
[Round "6"]
[White "Hapala, Elisabeth"]
[Black "Pintor, Ariana Maciel Abran"]
[Result "1-0"]
[WhiteElo "2140"]
[BlackElo "1918"]
[PlyCount "125"]
[EventDate "2019.04.11"]
[EventType "swiss"]
[EventRounds "11"]
[EventCountry "TUR"]
[SourceTitle "CBM 190"]
[Source "ChessBase"]
[SourceDate "2019.06.30"]
[SourceVersion "1"]
[SourceVersionDate "2019.06.30"]
[SourceQuality "1"]

1. e4 c6 2. d4 d5 3. Nc3 dxe4 4. Nxe4 Bf5 5. Ng3 Bg6 6. Nh3 Nd7 7. Bc4 e5 8. Qe2 Ne7 9. 0-0 Qc7 10. Re1 f6 11. dxe5 fxe5 12. Be6 0-0-0 13. c3 Kb8 14. Bg5 h6 15. Bh4 Bh7 16. Ne4 g5 17. Bg3 Ng6 18. Bxd7 Rxd7 19. Nf6 Re7 20. Rad1 Nf4 21. Qg4 Bg7 22. Nxh7 Rxh7 23. f3 Bf6 24. Qf5 Ref7 25. Nf2 Qb6 26. b3 h5 27. Rxe5 Be7 28. Qe4 a6 29. Kh1 Rhg7 30. Bxf4 Rxf4 31. Qe2 g4 32. Rxe7 Rxe7 33. Qxe7 Ka7 34. Qe5 Rf8 35. Qd4 c5 36. Qd6 Qxd6 37. Rxd6 gxf3 38. c4 fxg2+ 39. Kxg2 Re8 40. Rd2 Re3 41. Nd3 Kb6 42. Nf4 Re5 43. Rd6+ Kc7 44. Rd5 Re4 45. Kf3 Re1 46. Rxc5+ Kb6 47. Rxh5 Ra1 48. Nd5+ Kc5 49. Ne3+ Kc6 50. Nc2 Rf1+ 51. Ke2 Rg1 52. Kd3 b6 53. h4 a5 54. Rg5 Rh1 55. h5 Rh3+ 56. Ne3 Rh2 57. a3 Rb2 58. Kc3 Re2 59. Rg6+ Kb7 60. Nd5 Rh2 61. Rxb6+ Ka7 62. h6 Rh3+ 63. Kd4 1-0

[Event "EU-ch (Women) 20th"]
[Site "Antalya"]
[Date "2019.04.12"]
[Round "2"]
[White "Osmanodja, Filiz"]
[Black "Pintor, Ariana Maciel Abran"]
[Result "1/2-1/2"]
[WhiteElo "2292"]
[BlackElo "1918"]
[PlyCount "125"]
[EventDate "2019.04.11"]
[EventType "swiss"]
[EventRounds "11"]
[EventCountry "TUR"]
[SourceTitle "CBM 190"]
[Source "ChessBase"]
[SourceDate "2019.06.30"]
[SourceVersion "1"]
[SourceVersionDate "2019.06.30"]
[SourceQuality "1"]

1. e4 c6 2. d4 d5 3. e5 Bf5 4. Nc3 e6 5. g4 Bg6 6. Nge2 Nd7 7. Nf4 Ne7 8. h4 h6 9. Be3 a6 10. Nxg6 Nxg6 11. h5 Ne7 12. f4 Qc7 13. Na4 b6 14. b4 c5 15. bxc5 bxc5 16. dxc5 Qa5+ 17. c3 Nc6 18. Bd3 Nxc5 19. Bc2 Rc8 20. Kf2 Nxa4 21. Bxa4 Bc5 22. Bxc5 Qxc5+ 23. Qd4 Qxd4+ 24. cxd4 0-0 25. Rhd1 Nb4 26. a3 Nc6 27. g5 Na5 28. Rdc1 Rc4 29. Rxc4 Nxc4 30. gxh6 gxh6 31. f5 exf5 32. Bc6 Rd8 33. Bb7 a5 34. Kf3 Kf8 35. Kf4 Ke7 36. Kxf5 Ne3+ 37. Kf4 Nc2 38. Rd1 Nxa3 39. Rc1 Nb5 40. Ke3 Rd7 41. Ba6 Na3 42. Rc3 Ra7 43. Bd3 Nc4+ 44. Bxc4 dxc4 45. Ra3 Ke6 46. Ke4 f5+ 47. exf6 a4 48. d5+ Kxf6 49. Kd4 c3 50. Kxc3 Ra5 51. Kd4 Kf5 52. Rf3+ Kg4 53. Rf1 a3 54. Ke5 a2 55. Ra1 Kxh5 56. Ke6 Kg5 57. d6 Ra6 58. Ke7 Ra3 59. Rg1+ Kf4 60. d7 Re3+ 61. Kf6 Rd3 62. Rf1+ Kg4 63. Rg1+ 1/2-1/2

[Event "POR-ch (Women)"]
[Site "Braga"]
[Date "2018.09.05"]
[Round "5"]
[White "Areal, Maria Beatriz Moura"]
[Black "Pintor, Ariana Maciel Abran"]
[Result "0-1"]
[WhiteElo "1051"]
[BlackElo "1928"]
[PlyCount "66"]
[EventDate "2018.09.02"]
[EventType "swiss"]
[EventRounds "5"]
[EventCountry "POR"]
[SourceTitle "CBM 186 Extra"]
[Source "ChessBase"]
[SourceDate "2018.08.24"]
[SourceVersion "1"]
[SourceVersionDate "2018.08.24"]
[SourceQuality "1"]

1. e4 c6 2. d4 d5 3. Nc3 dxe4 4. Nxe4 Bf5 5. Ng3 Bg6 6. Nf3 Nd7 7. h4 h6 8. h5 Bh7 9. Bd3 Bxd3 10. Qxd3 e6 11. Bf4 Qa5+ 12. Bd2 Bb4 13. c3 Be7 14. c4 Bb4 15. 0-0 Bxd2 16. Qxd2 Qxd2 17. Nxd2 Ngf6 18. Nde4 0-0 19. Rfe1 b5 20. c5 Nd5 21. Rec1 N7f6 22. a3 Rfd8 23. Nxf6+ Nxf6 24. Rd1 Rd5 25. a4 b4 26. Rd3 Nxh5 27. Ne4 Nf4 28. Rd2 Rxd4 29. g3 Rxe4 30. gxf4 Rc4 31. Kg2 Rxc5 32. Kg3 Rc8 33. f3 a5 0-1

[Event "POR-ch (Women)"]
[Site "Braga"]
[Date "2018.09.03"]
[Round "2"]
[White "Pintor, Ariana Maciel Abran"]
[Black "Pipiras, Filipa Fortuna"]
[Result "1/2-1/2"]
[WhiteElo "1928"]
[BlackElo "1803"]
[PlyCount "88"]
[EventDate "2018.09.02"]
[EventType "swiss"]
[EventRounds "5"]
[EventCountry "POR"]
[SourceTitle "CBM 186 Extra"]
[Source "ChessBase"]
[SourceDate "2018.08.24"]
[SourceVersion "1"]
[SourceVersionDate "2018.08.24"]
[SourceQuality "1"]

1. e4 e5 2. Nf3 Nc6 3. Bb5 a6 4. Bxc6 dxc6 5. 0-0 Bg4 6. h3 Bh5 7. d3 f6 8. Be3 Bd6 9. Nbd2 Ne7 10. c3 c5 11. Nb3 b6 12. a4 a5 13. Qe2 0-0 14. Rfd1 Nc6 15. Rac1 Qe7 16. Nbd2 Kh8 17. Nf1 Bf7 18. N3d2 Qd7 19. Ng3 Ne7 20. b3 Be6 21. Ngf1 f5 22. exf5 Nxf5 23. Nc4 Nxe3 24. Qxe3 Rae8 25. Ng3 e4 26. dxe4 Bxc4 27. bxc4 Qxa4 28. Qd3 Bxg3 29. Qxg3 Qc6 30. f3 Rf7 31. Ra1 Qe6 32. Ra4 Qc6 33. Ra3 Qe6 34. Rd5 c6 35. Rd6 Qxc4 36. Rxc6 Qb5 37. Rd6 Qb2 38. Ra4 Ra7 39. Qe5 Raa8 40. Re6 Qc1+ 41. Kh2 Rxe6 42. Qxe6 Qf4+ 43. Kg1 Qc1+ 44. Kh2 Qf4+ 1/2-1/2

[Event "Famalicao op 6th"]
[Site "Famalicao"]
[Date "2018.07.29"]
[Round "1"]
[White "Guimaraes, Henrique"]
[Black "Pintor, Ariana Maciel Abran"]
[Result "0-1"]
[WhiteElo "1114"]
[BlackElo "1947"]
[PlyCount "108"]
[EventDate "2018.07.29"]
[EventType "swiss"]
[EventRounds "9"]
[EventCountry "POR"]
[SourceTitle "CBM 185 Extra"]
[Source "ChessBase"]
[SourceDate "2018.07.29"]
[SourceVersion "1"]
[SourceVersionDate "2018.07.29"]
[SourceQuality "1"]

1. e4 c5 2. Nf3 Nc6 3. Nc3 Nf6 4. d4 cxd4 5. Nxd4 d6 6. Be3 e6 7. Be2 Be7 8. 0-0 0-0 9. f4 a6 10. Bf3 Bd7 11. a4 Rc8 12. Nb3 b6 13. Qe2 Nb4 14. Qf2 Rb8 15. Rac1 Bc6 16. Nd2 Qc7 17. g4 d5 18. e5 Nd7 19. g5 Nc5 20. b3 Rfd8 21. Ne2 Ne4 22. Nxe4 dxe4 23. Bh5 g6 24. Bg4 Nd5 25. Bd4 b5 26. axb5 axb5 27. h4 e3 28. Qh2 b4 29. h5 Bf8 30. Bb2 Bb5 31. Kg2 Nc3 32. Bxc3 bxc3 33. hxg6 hxg6 34. Rh1 Bc6+ 35. Bf3 Bxf3+ 36. Kxf3 Qc6+ 37. Kg4 Bg7 38. Rcg1 Rd2 39. Rg2 Rxc2 40. Qh7+ Kf8 41. Qh3 Qe4 42. Qf3 Qf5+ 43. Kg3 Qd3 44. Rhh2 Rd8 45. b4 Rd2 46. Qc6 c2 47. Qc5+ Kg8 48. b5 Bf8 49. Qc6 Qd5 50. Qxd5 R8xd5 51. b6 Rxe2 52. Rxe2 c1Q 53. Rb2 Rd2 54. Rb3 Qg1+ 0-1

[Event "POR-chT"]
[Site "Porto"]
[Date "2016.08.18"]
[Round "7.14"]
[White "Santos, Jose Pereira"]
[Black "Pintor, Ariana Maciel Abran"]
[Result "1-0"]
[WhiteElo "2283"]
[BlackElo "2007"]
[PlyCount "111"]
[EventDate "2016.08.14"]
[EventType "team-tourn"]
[EventRounds "9"]
[EventCountry "POR"]
[SourceTitle "CBM 173 Extra"]
[Source "ChessBase"]
[SourceDate "2016.08.29"]
[SourceVersion "1"]
[SourceVersionDate "2016.08.29"]
[SourceQuality "1"]
[WhiteTeam "Barreirense"]
[BlackTeam "GX 113"]
[WhiteTeamCountry "POR"]
[BlackTeamCountry "POR"]

1. d4 Nf6 2. c4 g6 3. Nc3 Bg7 4. e4 d6 5. f3 0-0 6. Be3 c5 7. Nge2 Nc6 8. d5 Ne5 9. b3 e6 10. dxe6 Bxe6 11. Rc1 h5 12. Nf4 Nh7 13. Be2 Qh4+ 14. g3 Qd8 15. 0-0 Ng5 16. Nb5 Nh3+ 17. Nxh3 Bxh3 18. Rf2 a6 19. Nc3 Kh7 20. Nd5 f5 21. Nf4 Bh6 22. Qd2 Bxf4 23. gxf4 Nc6 24. Rd1 fxe4 25. fxe4 Qe7 26. Qxd6 Qxe4 27. Bd3 Qe6 28. Qxe6 Bxe6 29. Bxc5 Rfd8 30. Be2 Bf5 31. Rxd8 Rxd8 32. Bf3 Rd3 33. Kg2 Rc3 34. Rd2 a5 35. Bd5 Bh3+ 36. Kf2 Bg4 37. Ba3 a4 38. Bb2 Rh3 39. Bg2 Rxh2 40. Kg3 Rxg2+ 41. Kxg2 axb3 42. axb3 Kg8 43. Bc3 Be6 44. Kg3 Kf7 45. Kh4 Ne7 46. Kg5 Nf5 47. Rd8 Ng3 48. Be5 Ne4+ 49. Kh4 Ke7 50. Rb8 Nd2 51. Rxb7+ Kd8 52. Bc3 Ne4 53. Bb4 Bf5 54. c5 Be6 55. c6 Bd5 56. Rd7+ 1-0

[Event "POR-ch rapid (Women)"]
[Site "Matosinhos"]
[Date "2016.03.19"]
[Round "4"]
[White "Oliveira, Maria Alice Ramos"]
[Black "Pintor, Ariana Maciel Abran"]
[Result "0-1"]
[WhiteElo "1530"]
[BlackElo "1956"]
[PlyCount "140"]
[EventDate "2016.03.19"]
[EventType "swiss (rapid)"]
[EventRounds "6"]
[EventCountry "POR"]
[SourceTitle "EXT 2018"]
[Source "ChessBase"]
[SourceDate "2017.10.13"]
[SourceVersion "1"]
[SourceVersionDate "2017.10.13"]
[SourceQuality "1"]

1. e4 c6 2. d4 d5 3. exd5 cxd5 4. Bd3 Nc6 5. c3 Nf6 6. Nf3 g6 7. 0-0 Bg7 8. Bf4 0-0 9. Bg3 Bf5 10. Bxf5 gxf5 11. Nbd2 e6 12. Ne5 Nxe5 13. Bxe5 b5 14. Nb3 Kh8 15. Qe2 a6 16. Nc5 Rg8 17. Nd3 Ne4 18. f3 Nd6 19. Bg3 a5 20. Qf2 Bf6 21. Kh1 Qb6 22. Nc5 Rad8 23. a3 Nc4 24. Nd3 Rg7 25. Rfe1 Rdg8 26. Nc5 Qd8 27. Nd3 Nd6 28. Re2 f4 29. Nxf4 Nf5 30. Nh5 Nxg3+ 31. hxg3 Rg6 32. Nxf6 Qxf6 33. g4 Rh6+ 34. Kg1 Qf4 35. g3 Qf6 36. Qe3 Rhg6 37. Qe5 Qxe5 38. Rxe5 f5 39. gxf5 Rxg3+ 40. Kf2 Rg2+ 41. Ke3 exf5 42. Rb1 Rf8 43. Rxd5 f4+ 44. Kd3 Rf2 45. Ke4 Re2+ 46. Kd3 Re3+ 47. Kd2 Rg8 48. Re1 Rg2+ 49. Kd1 Rd3+ 50. Kc1 Rxf3 51. Rd8+ Kg7 52. Rd7+ Kf6 53. Rd6+ Kf7 54. Rd7+ Kf6 55. Rd6+ Kg5 56. Rd5+ Kg4 57. Rd7 Rff2 58. Rg7+ Kf3 59. Rxh7 Rc2+ 60. Kb1 Rxb2+ 61. Ka1 Ra2+ 62. Kb1 Rgb2+ 63. Kc1 Rg2 64. Rf1+ Ke3 65. Re7+ Kd3 66. Rf3+ Kc4 67. Rc7+ Kd5 68. Rc5+ Ke4 69. Kb1 Rgb2+ 70. Kc1 Kxf3 0-1

[Event "POR-chT2 final"]
[Site "Matosinhos"]
[Date "2015.08.16"]
[Round "2.1"]
[White "Pintor, Ariana Maciel Abran"]
[Black "Vasques, Antonio Pedro Freix"]
[Result "0-1"]
[WhiteElo "2001"]
[BlackElo "2278"]
[PlyCount "82"]
[EventDate "2015.08.16"]
[EventType "team-tourn"]
[EventRounds "3"]
[EventCountry "POR"]
[SourceTitle "EXT 2018"]
[Source "ChessBase"]
[SourceDate "2017.10.13"]
[SourceVersion "1"]
[SourceVersionDate "2017.10.13"]
[SourceQuality "1"]
[WhiteTeam "Grupo de Xadrez 113"]
[BlackTeam "Sporting Clube Portugal"]
[WhiteTeamCountry "POR"]
[BlackTeamCountry "POR"]

1. e4 c5 2. Nf3 Nc6 3. d4 cxd4 4. Nxd4 e5 5. Nb5 d6 6. N1c3 a6 7. Na3 b5 8. Nd5 Nge7 9. Nxe7 Bxe7 10. c3 Be6 11. Nc2 d5 12. exd5 Qxd5 13. Qxd5 Bxd5 14. Ne3 Be6 15. Bd3 0-0 16. Be4 Rac8 17. Nf5 Bc5 18. Be3 Bxe3 19. Nxe3 f5 20. Bd5 Kf7 21. Bb3 g6 22. Rd1 Rfd8 23. 0-0 Na5 24. Bd5 f4 25. Bxe6+ Kxe6 26. Nc2 Nc4 27. b3 Nd2 28. Rfe1 Rxc3 29. Na3 Rd5 30. f3 b4 31. Nb1 Rc2 32. Nxd2 Rdxd2 33. Rxd2 Rxd2 34. Re4 a5 35. g3 g5 36. gxf4 gxf4 37. Rc4 Rxa2 38. Rc7 a4 39. bxa4 b3 40. Rb7 b2 41. a5 Ra1+ 0-1

[Event "Lisbon Christmas op"]
[Site "Lisbon"]
[Date "2014.12.29"]
[Round "6"]
[White "Silva, Ana Ines Teixeira D"]
[Black "Pintor, Ariana Maciel Abran"]
[Result "0-1"]
[WhiteElo "1552"]
[BlackElo "2006"]
[PlyCount "78"]
[EventDate "2014.12.26"]
[EventType "swiss"]
[EventRounds "9"]
[EventCountry "POR"]
[SourceTitle "EXT 2018"]
[Source "ChessBase"]
[SourceDate "2017.10.13"]
[SourceVersion "1"]
[SourceVersionDate "2017.10.13"]
[SourceQuality "1"]

1. e4 c5 2. Nc3 Nc6 3. g3 d6 4. Bg2 g6 5. d3 Bg7 6. f4 e6 7. Nf3 Nge7 8. 0-0 0-0 9. Be3 b6 10. Qd2 Bb7 11. Nd1 d5 12. exd5 Nxd5 13. Bf2 Qc7 14. d4 cxd4 15. Nxd4 Nxd4 16. Bxd4 Bxd4+ 17. Qxd4 Qxc2 18. Rf2 Qc7 19. Qe4 Rab8 20. Rc2 Qe7 21. Qe5 Rbc8 22. Rac1 Rxc2 23. Rxc2 Nb4 24. Rc7 Qd8 25. Rxb7 Qxd1+ 26. Bf1 Nc6 27. Qc7 Qd4+ 28. Kg2 Qxb2+ 29. Kg1 Qd4+ 30. Kg2 Qd5+ 31. Kg1 Nd4 32. Rxa7 Nf3+ 33. Kf2 Nd2 34. Qb7 Qd4+ 35. Kg2 Ne4 36. Kf3 Nd6 37. Qc7 Rc8 38. Qd7 Rc3+ 39. Ke2 Qe3+ 0-1

[Event "Lisbon Christmas op"]
[Site "Lisbon"]
[Date "2014.12.28"]
[Round "5"]
[White "Pintor, Ariana Maciel Abran"]
[Black "Mestrom, Wolf"]
[Result "1-0"]
[WhiteElo "2006"]
[BlackElo "1804"]
[PlyCount "45"]
[EventDate "2014.12.26"]
[EventType "swiss"]
[EventRounds "9"]
[EventCountry "POR"]
[SourceTitle "EXT 2018"]
[Source "ChessBase"]
[SourceDate "2017.10.13"]
[SourceVersion "1"]
[SourceVersionDate "2017.10.13"]
[SourceQuality "1"]

1. e4 c5 2. Nf3 Nc6 3. d4 cxd4 4. Nxd4 Nf6 5. Nc3 e5 6. Ndb5 d6 7. Bg5 a6 8. Na3 b5 9. Bxf6 gxf6 10. Nd5 Bg7 11. c3 0-0 12. Bd3 f5 13. exf5 Qg5 14. Qf3 Bh6 15. 0-0 Kh8 16. Nc2 Rg8 17. Nce3 Bb7 18. Be4 Ne7 19. Rfd1 Rad8 20. a4 bxa4 21. Rxa4 Nc6 22. Nb4 Nxb4 23. Bxb7 1-0

[Event "Figueira da Foz op 8th"]
[Site "Figueira da Foz"]
[Date "2014.11.28"]
[Round "7"]
[White "Lazarev, Vladimir"]
[Black "Pintor, Ariana Maciel Abran"]
[Result "1-0"]
[WhiteElo "2399"]
[BlackElo "2006"]
[PlyCount "47"]
[EventDate "2014.11.23"]
[EventType "swiss"]
[EventRounds "9"]
[EventCountry "POR"]
[SourceTitle "CBM 163 Extra"]
[Source "ChessBase"]
[SourceDate "2014.12.23"]
[SourceVersion "1"]
[SourceVersionDate "2014.12.23"]
[SourceQuality "1"]

1. d4 Nf6 2. c4 g6 3. Nc3 Bg7 4. e4 d6 5. h3 0-0 6. Bg5 c5 7. d5 e6 8. Bd3 exd5 9. exd5 Nbd7 10. Nf3 Re8+ 11. Be3 Bh6 12. 0-0 Bxe3 13. fxe3 Qe7 14. e4 a6 15. Rf2 Nh5 16. Qd2 Ne5 17. Raf1 Ng3 18. Re1 Bd7 19. Kh2 Nf5 20. Ref1 Nxf3+ 21. Rxf3 Qe5+ 22. g3 Nd4 23. Rxf7 b5 24. Qh6 1-0

[Event "POR-ch (Women) rapid"]
[Site "Lisbon"]
[Date "2014.04.12"]
[Round "6"]
[White "Jorge, Rita Maria Osorio"]
[Black "Pintor, Ariana Maciel Abran"]
[Result "0-1"]
[WhiteElo "1699"]
[BlackElo "2062"]
[PlyCount "48"]
[EventDate "2014.04.12"]
[EventType "swiss (rapid)"]
[EventRounds "6"]
[EventCountry "POR"]
[SourceTitle "EXT 2015"]
[Source "ChessBase"]
[SourceDate "2014.11.20"]
[SourceVersion "1"]
[SourceVersionDate "2014.11.20"]
[SourceQuality "1"]

1. e4 c6 2. d4 d5 3. e5 Bf5 4. Nd2 e6 5. Nb3 Nd7 6. c3 Ne7 7. Nf3 c5 8. Be2 Nc6 9. 0-0 Be7 10. Bf4 Bg6 11. Bg3 0-0 12. Qd2 Rc8 13. Rac1 Qb6 14. c4 dxc4 15. Bxc4 cxd4 16. Nbxd4 Nc5 17. Nxc6 Rxc6 18. Rfe1 Rfc8 19. b3 Ne4 20. Qb2 Rxc4 21. Rxc4 Rxc4 22. Re2 Rc8 23. Nd2 Qc5 24. h3 Nxg3 0-1

[Event "Porto Axis op"]
[Site "Porto"]
[Date "2014.03.16"]
[Round "6"]
[White "Pintor, Ariana Maciel Abran"]
[Black "Nogueira, Diana Sofia Cunha"]
[Result "1-0"]
[WhiteElo "2024"]
[BlackElo "1437"]
[PlyCount "59"]
[EventDate "2014.03.11"]
[EventType "swiss"]
[EventRounds "7"]
[EventCountry "POR"]
[SourceTitle "EXT 2015"]
[Source "ChessBase"]
[SourceDate "2014.11.20"]
[SourceVersion "1"]
[SourceVersionDate "2014.11.20"]
[SourceQuality "1"]

1. e4 e5 2. Nf3 Nc6 3. Bb5 a6 4. Bxc6 dxc6 5. 0-0 Bd6 6. d4 exd4 7. Qxd4 f6 8. Nc3 Ne7 9. Be3 Be6 10. Na4 b6 11. Rad1 c5 12. Qd2 Qd7 13. Nxb6 Bxh2+ 14. Kxh2 cxb6 15. Qd6 Nc8 16. Qg3 Qf7 17. Rd2 Ra7 18. Rfd1 0-0 19. e5 Qh5+ 20. Kg1 Qg4 21. exf6 Qxg3 22. fxg3 Rxf6 23. Rd8+ Rf8 24. Rxf8+ Kxf8 25. Rd8+ Kf7 26. Ng5+ Ke7 27. Nxe6 Nd6 28. Rb8 Nc4 29. Nd8 Rd7 30. Bg5+ 1-0

[Event "Porto Axis op"]
[Site "Porto"]
[Date "2014.03.13"]
[Round "3"]
[White "Dias, Jose Oliveira Gaspa"]
[Black "Pintor, Ariana Maciel Abran"]
[Result "0-1"]
[WhiteElo "1656"]
[BlackElo "2024"]
[PlyCount "52"]
[EventDate "2014.03.11"]
[EventType "swiss"]
[EventRounds "7"]
[EventCountry "POR"]
[SourceTitle "EXT 2015"]
[Source "ChessBase"]
[SourceDate "2014.11.20"]
[SourceVersion "1"]
[SourceVersionDate "2014.11.20"]
[SourceQuality "1"]

1. b4 d5 2. Bb2 Nf6 3. Nf3 Bf5 4. e3 e6 5. b5 a6 6. a4 axb5 7. axb5 Nbd7 8. Be2 Rxa1 9. Bxa1 Qa8 10. Bc3 Qa4 11. Nd4 Be4 12. 0-0 e5 13. Nb3 Bd6 14. Bb2 Bg6 15. Nc3 Qh4 16. g3 Qh3 17. f4 h5 18. Rf2 Ng4 19. Bxg4 hxg4 20. Nxd5 Be4 21. c4 Qxg3+ 22. Kf1 Bd3+ 23. Qe2 Bxe2+ 24. Kxe2 Rxh2 25. Rxh2 Qxh2+ 26. Kd3 g3 0-1

[Event "Porto Axis op"]
[Site "Porto"]
[Date "2014.03.12"]
[Round "2"]
[White "Pintor, Ariana Maciel Abran"]
[Black "Rocha, Sergio MC"]
[Result "0-1"]
[WhiteElo "2024"]
[BlackElo "2400"]
[PlyCount "66"]
[EventDate "2014.03.11"]
[EventType "swiss"]
[EventRounds "7"]
[EventCountry "POR"]
[SourceTitle "EXT 2015"]
[Source "ChessBase"]
[SourceDate "2014.11.20"]
[SourceVersion "1"]
[SourceVersionDate "2014.11.20"]
[SourceQuality "1"]

1. e4 g6 2. d4 Bg7 3. c4 d6 4. Nc3 Nc6 5. Be3 e5 6. d5 Nce7 7. Bd3 f5 8. f3 Nf6 9. b4 0-0 10. Nge2 a5 11. a3 Kh8 12. 0-0 f4 13. Bf2 h5 14. c5 g5 15. cxd6 cxd6 16. bxa5 Rxa5 17. Rb1 Nd7 18. Nb5 Nc5 19. Bc4 g4 20. Kh1 Ng6 21. Qe1 Ra4 22. Rb4 Ra8 23. Nc1 Bf6 24. Nd3 Na6 25. Rb3 Rg8 26. Rg1 Rg7 27. Na7 Rxa7 28. Bxa7 b5 29. Bb6 Qxb6 30. Rxb5 Qd4 31. Qa5 Qxc4 32. Nb4 Nh4 33. Nxa6 gxf3 0-1

[Event "POR-ch (Women)"]
[Site "Vila Nova de Foz Coa"]
[Date "2011.07.04"]
[Round "4.2"]
[White "Monteiro, Sara Cristina da Si"]
[Black "Pintor, Ariana Maciel Abran"]
[Result "0-1"]
[WhiteElo "1870"]
[BlackElo "2095"]
[PlyCount "91"]
[EventDate "2011.07.02"]
[EventType "swiss"]
[EventRounds "6"]
[EventCountry "POR"]
[SourceTitle "EXT 2012"]
[Source "ChessBase"]
[SourceDate "2011.11.24"]
[SourceVersion "1"]
[SourceVersionDate "2011.11.24"]
[SourceQuality "1"]

1. d4 Nf6 2. c4 g6 3. Nc3 Bg7 4. e4 d6 5. Nf3 0-0 6. Be2 e5 7. dxe5 dxe5 8. Qxd8 Rxd8 9. Bg5 c6 10. Nxe5 Re8 11. 0-0-0 Na6 12. f3 h6 13. Bf4 Nh5 14. Nd3 Be6 15. Be5 Bxc4 16. Bxg7 Nxg7 17. b3 Bxd3 18. Bxd3 Nc5 19. Bc2 a5 20. a3 Red8 21. Rxd8+ Rxd8 22. Rd1 Rxd1+ 23. Kxd1 Nge6 24. Ne2 Kf8 25. Kd2 Ke7 26. Kc3 Kd6 27. Nd4 Nxd4 28. Kxd4 Ne6+ 29. Ke3 Kc5 30. f4 Nd4 31. Bd3 Nxb3 32. g4 b5 33. e5 Nd4 34. h4 b4 35. axb4+ axb4 36. Ke4 b3 37. Bb1 Ne2 38. f5 Nc3+ 39. Kf4 Nxb1 40. e6 Kd6 41. exf7 Ke7 42. fxg6 Nd2 43. g5 hxg5+ 44. Kxg5 b2 45. Kh6 b1Q 46. h5 0-1